LEADER 01357nam a2200301 a 4500 001 000000127925 003 CaOOAMICUS 005 20120309131502.0 008 120309s2011 it u000 u ita r 020 $a978-88-348-2633-1 040 $aPUL$bita 082 04$a340.1 100 1 $aCananzi, Daniele M.$0(OLS)http://pul/name/70004 245 10$aProfili di filosofia del diritto :$btre maestri della scuola romana: Cotta, Romano, Carcaterra /$cDaniele M. Cananzi. 260 $aTorino :$bG. Giappichelli,$c2011. 300 $a123 p. ;$c22 cm. 500 $aNell'occhietto: Universitą "Mediterranea" di Reggio Calabria, Filosofia del diritto. 504 $aInclude riferimenti bibliografici. 650 4$aFilosofia del diritto.$0(OLS)http://pul/subject/620 850 $aPUL 852 $aPUL$W1$xSL Diritto e Scienze Sociali 3$y79$m340. 1 CANDA 1$j148074$qDDC 21$B146669$CPULBib$Z2$F146669 $H119002 $82 941 1 $a9 960 $aDiritto$xFilosofia$9620 996 $6020$a978-88-348-2633-1$9(OLS)http://pul/number/149112 996 $6082$a340.1$9(OLS)http://pul/classification/476 996 $6245$aProfili di filosofia del diritto :$btre maestri della scuola romana: Cotta, Romano, Carcaterra$9(OLS)http://pul/title/161666 996 $6260$aTorino :$bG. Giappichelli$9(OLS)http://pul/publisher/49130 LEADER 01087nam a2200277 a 4500 001 000000168419 003 CaOOAMICUS 005 20180620155221.0 008 180620s1977 it u000 u ita r 032 $aLibriCat 040 $aPUL$bita 100 1 $aCervellati, Pier Luigi.$0(OLS)http://pul/name/91014 245 12$aI centri storici / $cPier Luigi Cervellati, Mariangela Miliari. 260 $aRimini ;$aFirenze :$bGuaraldi,$c©1977. 300 $a119 p. ;$c19 cm. 490 1 $aLe guide guaraldi ;$v09 504 $aBibliografia in appendice. 650 4$aUrbanistica.$0(OLS)http://pul/subject/3430 700 1 $aMiliari, Mariangela.$0(OLS)http://pul/name/108474 830 3$aLe guide Guaraldi ;$v09.$0(OLS)http://pul/title/91338 850 $aPUL 852 $aPUL$W1$xDP1 Fondo Dalla Palma$y117$m8 A 68$j163467$qFondi$B196321$CPULBib$Z2$F196321 $HDal3243 $81 941 1 $a1 996 $6245$aI centri storici / $9(OLS)http://pul/title/208783 996 $6260$aRimini ;$aFirenze :$bGuaraldi$9(OLS)http://pul/publisher/72485